000
00268nam a2200109Ia 4500
008
240625s9999 xx 000 0 und d
041
_a
eng
082
_a
658.40355 WIL
100
_a
WILSON J HOLTON
245
_a
BUSINESS FORECASTING WITH ACCOMPANYING E
260
_c
2007
999
_c
33350
_d
33350